Communes les plus peuplées des départements d'Auvergne-Rhône-Alpes - Statistiques

Statistiques générales
  • Ce quiz a été pris 311 fois
  • Le résultat moyen est 32 sur 60
Statistiques - réponses
% Correct
Rhône #1 Lyon 522 228
98%
Isère #1 Grenoble 158 240
96%
Loire #1 Saint-Étienne 174 082
95%
Haute-Savoie #1 Annecy 131 766
93%
Savoie #1 Chambéry 59 172
93%
Rhône #2 Villeurbanne 154 781
93%
Ain #1 Bourg-en-Bresse 41 681
92%
Drome #1 Valence 64 431
92%
Puy-de-Dôme #1 Clermont-Ferrand 147 284
91%
Cantal #1 Aurillac 25 703
83%
Haute-Loire #1 Le Puy-en-Velay 18 947
81%
Drome #2 Montélimar 39 790
79%
Allier #3 Moulins 19 444
79%
Loire #3 Roanne 34 415
78%
Allier #2 Vichy 25 372
77%
Rhône #3 Vénissieux 66 765
77%
Haute-Savoie #3 Thonon-les-Bains 36 626
73%
Haute-Savoie #2 Annemasse 37 485
72%
Allier #1 Montluçon 33 882
72%
Ain #2 Oyonnax 22 271
67%
Isère #4 Vienne 30 059
67%
Savoie #3 Albertville 19 830
65%
Isère #3 Échirolles 36 970
64%
Ardèche #1 Annonay 16 359
62%
Savoie #2 Aix-les-Bains 31 100
61%
Drome #3 Romans-sur-Isère 32 818
61%
Puy-de-Dôme #3 Riom 18 733
57%
Rhône #5 Saint-Priest 48 318
56%
Puy-de-Dôme #5 Issoire 15 297
55%
Ardèche #2 Aubenas 12 403
54%
Rhône #4 Vaulx-en-Velin 51 761
54%
Loire #2 Saint-Chamond 35 309
52%
Isère #5 Bourgoin-Jallieu 39 389
50%
Loire #5 Montbrison 15 943
49%
Cantal #2 Saint-Flour 6 451
48%
Isère #2 Saint-Martin-d'Hérès 38 188
48%
Ardèche #4 Tournon-sur-Rhône 10 835
47%
Haute-Loire #3 Yssingeaux 7 320
46%
Haute-Loire #4 Brioude 6 537
43%
Loire #4 Firminy 16 953
43%
Ain #4 Ambérieu-en-Bugey 14 288
34%
Haute-Savoie #5 Cluses 16 976
33%
Drome #4 Bourg-lès-Valence 19 814
32%
Puy-de-Dôme #2 Cournon-d'Auvergne 20 356
30%
Cantal #5 Mauriac 3 489
29%
Haute-Savoie #4 Sallanches 16 986
27%
Puy-de-Dôme #4 Chamalières 17 196
25%
Haute-Loire #2 Monistrol-sur-Loire 8 962
25%
Ain #3 Valserhône 16 434
24%
Savoie #4 La Motte-Servolex 12 377
23%
Drome #5 Pierrelatte 13 708
23%
Allier #4 Yzeure 12 701
21%
Ardèche #5 Le Teil 8 841
20%
Ardèche #3 Guilherand-Granges 10 965
17%
Allier #5 Cusset 12 677
16%
Ain #5 Saint-Genis-Pouilly 14 274
15%
Savoie #5 La Ravoire 8 939
13%
Cantal #3 Arpajon-sur-Cère 6 313
12%
Cantal #4 Ytrac 4 329
8%
Haute-Loire #5 Aurec-sur-Loire 6 166
7%
Aucun quiz correspondant
Distribution des résultats
% des personnes avec chaque résultat
Percentile par nombre de réponses
Votre historique - résultats
Vous n’avez pas pris ce quiz